000 00859nam a2200241Ia 4500
999 _c53001
_d53001
001 20032
003 GE_BSU
005 20221205165728.0
008 181216s2014||||ge |||||||||||||| ||geo||
020 _a5520015902
040 _cGE_BSU
041 _ageo
080 _a159.964.2 ფ-94
100 _aფროიდი, ზიგმუნდ (1865-1939)
_916339
245 _aფსიქოანალიზი /
_c[მთარგმნ. და რედ. ვიტალი კაკაბაძე].
264 _aთბილისი :
_bსიახლე,
_c2014.
300 _a476 გვ. ;
_b20 სმ.
541 _h20 ლ.
653 _aფსიქოანალიზი
653 _aფსიქოლოგია
700 _aკაკაბაძე, ვიტალი
_eმთარგმნ.-რედ.
_93586
942 _cBK
_2udc